| 000 | 00641nam a2200229 i 4500 | ||
|---|---|---|---|
| 001 | 59755 | ||
| 003 | ES-MaACL | ||
| 005 | 20230906164107.0 | ||
| 007 | t| | ||
| 008 | 031030s1985 sp ||||1| spa d | ||
| 020 | _a84-271-1419-2 | ||
| 110 | 2 |
_aEquipo Reseña. _93497 |
|
| 245 | 1 | 0 |
_aCine para leer, 1984: _bhistoria crítica de un año de cine / _cEquipo Reseña. |
| 260 |
_a[Bilbao] : _bMensajero, _c[1985] |
||
| 300 |
_a391 p., 8 lám. ; _c21 cm. |
||
| 490 | 1 | _aCinereseña | |
| 500 | _aÍndices. | ||
| 650 | 0 | 0 |
_aCine- _vCríticas. _911020 |
| 830 | 1 |
_aCinereseña _9182828 |
|
| 852 |
_aES-MaACL _jL-8842 |
||
| 999 |
_c59755 _d59755 |
||